Planeamiento de la enseñanza musical (Record no. 10560)

MARC details
000 -LEADER
campo de control de longitud fija 01025nam a2200313 a 4500
003 - IDENTIFICADOR DE NÚMERO DE CONTROL
campo de control AR-BaBNM
005 - FECHA Y HORA DE LA ÚLTIMA TRANSACCIÓN
campo de control 20251128205236.0
008 - DATOS DE LONGITUD FIJA--INFORMACIÓN GENERAL
campo de control de longitud fija 082120s2002 ||||||||||||||000 | spa||
020 ## - NÚMERO INTERNACIONAL ESTÁNDAR DEL LIBRO
Número Internacional Estándar del Libro 950-22-0239-2
040 ## - FUENTE DE CATALOGACIÓN
Centro/agencia transcriptor AR-BaBNM
245 00 - MENCIÓN DEL TÍTULO
Título Planeamiento de la enseñanza musical
Resto del título ejemplos de unidades de enseñanza-aprendizaje y material didáctico para la escuela primaria : cuarto a séptimo grado
260 ## - PUBLICACIÓN, DISTRIBUCIÓN, ETC.
Lugar de publicación, distribución, etc. Buenos Aires
Nombre del editor, distribuidor, etc. Ricordi
Fecha de publicación, distribución, etc. 1986
300 ## - DESCRIPCIÓN FÍSICA
Extensión 86 p.
Otros detalles físicos diagr., il.
504 ## - NOTA DE BIBLIOGRAFÍA, ETC.
Nota de bibliografía, etc. Nota Contiene bibliografía
650 #4 - PUNTO DE ACCESO ADICIONAL DE MATERIA--TÉRMINO DE MATERIA
Término de materia o nombre geográfico como elemento de entrada ENSEÑANZA DE LA MUSICA
650 #4 - PUNTO DE ACCESO ADICIONAL DE MATERIA--TÉRMINO DE MATERIA
Término de materia o nombre geográfico como elemento de entrada MUSICA
650 #4 - PUNTO DE ACCESO ADICIONAL DE MATERIA--TÉRMINO DE MATERIA
Término de materia o nombre geográfico como elemento de entrada EDUCACION ARTISTICA
650 #4 - PUNTO DE ACCESO ADICIONAL DE MATERIA--TÉRMINO DE MATERIA
Término de materia o nombre geográfico como elemento de entrada METODOS DE ENSEÑANZA
653 ## - TÉRMINO DE INDIZACIÓN--NO CONTROLADO
Término no controlado EDUCACION PRIMARIA
653 ## - TÉRMINO DE INDIZACIÓN--NO CONTROLADO
Término no controlado PROCESO DE ENSEÑANZA-APRENDIZAJE
700 1# - ENTRADA AGREGADA--NOMBRE PERSONAL
Nombre de persona Ferrero, María Inés
700 1# - ENTRADA AGREGADA--NOMBRE PERSONAL
Nombre de persona Furnó, Silvia
700 1# - ENTRADA AGREGADA--NOMBRE PERSONAL
Nombre de persona Llabra de Lanfranchi, Ana del Valle
700 1# - ENTRADA AGREGADA--NOMBRE PERSONAL
Nombre de persona Quadranti, Alicia
700 1# - ENTRADA AGREGADA--NOMBRE PERSONAL
Nombre de persona Elola, Nydia Elba
Término indicativo de función/relación colaborador
700 1# - ENTRADA AGREGADA--NOMBRE PERSONAL
Nombre de persona Hemsy de Gainza, Violeta
Término indicativo de función/relación coordinador
942 ## - ELEMENTOS DE ENTRADA SECUNDARIOS (KOHA)
Tipo de ítem Koha Libros
998 ## - INFORMACIÓN DE CONTROL LOCAL (RLIN)
Iniciales del catalogador, CIN (RLIN) silvi
Holdings
Estatus retirado Estado de pérdida Fuente de la clasificación o esquema de estantería Estado de daño Restricciones de uso No para préstamo Biblioteca de origen Biblioteca actual Fecha de adquisición Total de préstamos Signatura topográfica completa Código de barras Visto por última vez Precio de reemplazo Tipo de ítem Koha
    Clasificación Decimal Dewey   Acceso restringido No para préstamo Liberty Liberty 28/11/2025   372.878 FER 2 095063 28/11/2025 28/11/2025 Libros